| 000 | 00413 a2200133 4500 | ||
|---|---|---|---|
| 003 | Nust | ||
| 005 | 20170207165000.0 | ||
| 040 | _cNust | ||
| 082 | _a799 | ||
| 245 |
_aMCS Literary Society-Oath Taking Ceremony & Group Photo,Photographs-2014 _cMCS |
||
| 260 |
_aRawalpindi _bMCS _c07-05-2014 |
||
| 650 | _aPictures of MCS Literary Society-Oath Taking Ceremony,Photographs-2014 (CD-NO 24 Vol II) | ||
| 651 | _aSweet Memories-MCS | ||
| 942 | _cBK | ||
| 999 |
_c210402 _d210402 |
||